Leaders of Peru - Statistics

General Stats
  • This quiz has been taken 32 times
  • The average score is 33 of 144
Answer Stats
Nation Dates Answer % Correct
Incan Empire 1532-1533 Atahualpa
80%
Kingdom of Cusco 1200-1230 Manco Capac
70%
Republic of Peru(2) 1990-2000 Alberto Fujimori
60%
Incan Empire 1533-1544 Manco Inca
60%
Republic of Peru 1824-1827 Simon Bolivar
60%
Republic of Peru(2) 1985-1990 Alan Garcia
50%
Republic of Peru(2) 2006-2011 Alan Garcia
50%
Kingdom of Cusco 1320-1350 Capac Yupanqui
50%
Incan Empire 1527-1532 Huascar
50%
Incan Empire 1493-1527 Huayna Capac
50%
Kingdom of Cusco 1290-1320 Mayta Capac
50%
Spain 1531-1556 Charles I
40%
Spain 1665-1700 Charles II
40%
Spain 1759-1788 Charles III
40%
Spain 1788-1808 Charles IV
40%
Republic of Peru(2) 1975-1980 Francisco Morales Bermudez
40%
Republic of Peru 1822 Francisco Xavier de Luna Pizarro
40%
Republic of Peru 1833-1836 Francisco Xavier de Luna Pizarro
40%
Republic of Peru 1827-1829 Jose de la Mar
40%
Protectorate of Peru 1821-1822 Jose de San Martin
40%
Kingdom of Cusco 1260-1290 Lloque Yupanqui
40%
Republic of Peru(2) 1939-1945 Manuel Prado Ugarteche
40%
Republic of Peru(2) 1956-1962 Manuel Prado Ugarteche
40%
Republic of Peru(2) 1865-1868 Mariano Ignacio Prado
40%
Republic of Peru(2) 1876-1879 Mariano Ignacio Prado
40%
Spain 1556-1598 Phillip II
40%
Spain 1598-1621 Phillip III
40%
Spain 1621-1665 Phillip IV
40%
Spain 1700-1724 Phillip V
40%
Spain 1724-1746 Phillip V
40%
Republic of Peru(2) 1890-1894 Remigio Morales Bermudez
40%
Incan Empire 1544-1560 Sayri Tupac
40%
Kingdom of Cusco 1230-1260 Sinchi Roca
40%
Incan Empire 1571-1572 Tupac Amaru
40%
Incan Empire 1533 Tupac Huallpa
40%
Incan Empire 1471-1493 Tupac Inca
40%
Republic of Peru(2) 2001-2006 Alejandro Toledo
30%
Republic of Peru 1827 Andres de Santa Cruz
30%
Peru-Bolivian Confederation 1836-1839 Andres de Santa Cruz
30%
Republic of Peru 1829-1833 Augustin Gamarra
30%
Republic of Peru(2) 1838-1841 Augustin Gamarra
30%
Republic of Peru(2) 1908-1912 Augusto Leguia
30%
Republic of Peru(2) 1919-1930 Augusto Leguia
30%
Republic of Peru(2) 1899-1903 Eduardo Lopez de Romano
30%
Spain 1746-1759 Ferdinand VI
30%
Spain 1808 Ferdinand VII
30%
Spain 1813-1824 Ferdinand VII
30%
Republic of Peru(2) 1963-1968 Fernando Belaunde Terry
30%
Republic of Peru(2) 1980-1985 Fernando Belaunde Terry
30%
Kingdom of Cusco 1350-1380 Inca Roca
30%
Republic of Peru(2) 1945-1948 Jose Bustamante y Rivero
30%
Republic of Peru(2) 1904-1908 Jose Pardo y Barreda
30%
Republic of Peru(2) 1915-1919 Jose Pardo y Barreda
30%
Republic of Peru(2) 1968-1975 Juan Velasco Alvarado
30%
Republic of Peru(2) 1930-1931 Luis Miguel Sanchez Cerro
30%
Republic of Peru(2) 1931-1933 Luis Miguel Sanchez Cerro
30%
Republic of Peru(2) 1948-1950 Manuel Odria
30%
Republic of Peru(2) 1950-1956 Manuel Odria
30%
Republic of Peru(2) 1872-1876 Manuel Pardo
30%
Republic of Peru(2) 2018-Present Martin Vizcarra
30%
Republic of Peru(2) 2011-2016 Ollanta Humala
30%
Republic of Peru(2) 1914-1915 Oscar Benavides
30%
Republic of Peru(2) 1933-1939 Oscar Benavides
30%
Republic of Peru(2) 1844 Ramon Castilla
30%
Republic of Peru(2) 1845-1851 Ramon Castilla
30%
Republic of Peru(2) 1855-1857 Ramon Castilla
30%
Republic of Peru(2) 1858-1862 Ramon Castilla
30%
Republic of Peru(2) 1863 Ramon Castilla
30%
Republic of Peru(2) 2000-2001 Valentin Paniagua
30%
Republic of Peru(2) 1886-1890 Andres Avelino Caceres
20%
Republic of Peru(2) 1894-1895 Andres Avelino Caceres
20%
Republic of Peru 1823 Antonio Jose de Sucre
20%
Republic of Peru(2) 1912-1914 Guillermo Billinghurst
20%
Republic of Peru(2) 1868-1872 Jose Balta
20%
Republic of Peru 1823 Jose de la Riva Aguero
20%
North Peru 1838-1839 Jose de la Riva Aguero
20%
Spain 1808-1813 Joseph I
20%
Republic of Peru(2) 1843 Jose Rufino Echenique
20%
Republic of Peru(2) 1851-1855 Jose Rufino Echenique
20%
Republic of Peru(2) 1843 Juan Antonio Pezet
20%
Republic of Peru(2) 1863-1865 Juan Antonio Pezet
20%
Republic of Peru(2) 1881-1883 Lizardo Montero Flores
20%
Republic of Peru 1833 Luis Jose de Orbegoso
20%
North Peru 1837-1838 Luis Jose de Orbegoso
20%
Republic of Peru(2) 1895 Manuel Candamo
20%
Republic of Peru(2) 1903-1904 Manuel Candamo
20%
Republic of Peru(2) 1879-1881 Nicolas de Pierola
20%
Republic of Peru(2) 1895-1899 Nicolas de Pierola
20%
Republic of Peru(2) 1963 Nicolas Lindley Lopez
20%
Incan Empire 1438-1471 Pachacuti
20%
Republic of Peru(2) 1962-1963 Ricardo Perez Godoy
20%
Incan Empire 1563-1571 Titu Cisu
20%
Republic of Peru(2) 1872 Tomas Gutierrez
20%
Kingdom of Cusco 1410-1438 Viracocha
20%
Kingdom of Cusco 1380-1410 Yahuar Huacac
20%
Republic of Peru(2) 1894 Jusitiniano Borgono
10%
Republic of Peru(2) 1843 Justo Figuerola
10%
Republic of Peru(2) 1844 Justo Figuerola
10%
Spain 1724 Louis I
10%
Republic of Peru(2) 1868 Luis La Puerta
10%
Republic of Peru(2) 1879 Luis La Puerta
10%
Republic of Peru(2) 1883-1885 Manuel Iglesias
10%
Republic of Peru(2) 1930 Manuel Maria Ponce Brousset
10%
Republic of Peru(2) 1858 Miguel de San Roman
10%
Republic of Peru(2) 1862-1863 Miguel de San Roman
10%
Incan Empire 1527 Ninan Cuyochi
10%
Spanish Incan Empire 1536-1549 Paullu Inca
10%
Republic of Peru(2) 2016-2018 Pedro Pablo Kuczynski
10%
Republic of Peru(2) 1950 Zenon Noriega Aguero
10%
Republic of Peru(2) 1885-1886 Antonio Arenas
0%
Republic of Peru 1829 Antonio Gutierrez de la Fuente
0%
Republic of Peru(2) 1868 Antonio Gutierrez de la Fuente
0%
Republic of Peru(2) 1931 David Samanez Ocampo
0%
Republic of Peru(2) 1844 Domingo Elias
0%
Republic of Peru(2) 1843-1844 Domingo Nieto
0%
Republic of Peru(2) 1843 Eleuterio Aramburu
0%
Republic of Peru(2) 1868 Francisco Diez Canseco
0%
Republic of Peru(2) 1872 Francisco Diez Canseco
0%
Republic of Peru(2) 1881 Francisco Garcia Calderon
0%
Republic of Peru 1823 Francisco Valdivieso
0%
Chimu/Chimor 960-1020 Guacricaur
0%
Republic of Peru(2) 1931 Gustavo Jimenez
0%
Republic of Peru 1823 Jose Bernardo
0%
Republic of Peru 1823-1824 Jose Bernardo
0%
Republic of Peru(2) 1857-1858 Jose Maria Raygada
0%
Republic of Peru(2) 1842 Juan Bautista
0%
Republic of Peru(2) 1842 Juan Crisostomo Torrico
0%
Republic of Peru(2) 1842-1843 Juan Francisco de Vidal
0%
Republic of Peru(2) 1843-1844 Manuel Ignacio de Vivanco
0%
Republic of Peru(2) 1841-1842 Manuel Menendez
0%
Republic of Peru(2) 1844-1845 Manuel Menendez
0%
Republic of Peru 1827 Manuel Salazar
0%
Republic of Peru(2) 1872 Mariano Herencia Zevallos
0%
Republic of Peru(2) 1931 Mariano Holguin Maldonado
0%
Chimu/Chimor 1440-1470 Minchancaman
0%
Chimu/Chimor 1020-1080 Nancempinco
0%
Republic of Peru(2) 1863 Pedro Diez Canseco
0%
Republic of Peru(2) 1865 Pedro Diez Canseco
0%
Republic of Peru(2) 1868 Pedro Diez Canseco
0%
South Peru 1838-1839 Pio de Tristan
0%
South Peru 1837-1838 Ramon Herrera
0%
Republic of Peru(2) 1931 Ricardo Leoncio Elias Arias
0%
Republic of Peru(2) 1904 Serapio Calderon
0%
Chimu/Chimor 900-960 Tacaynamo
0%
No matching quizzes found
Score Distribution
Percent of People with Each Score
Percentile by Number Answered
Your Score History
You have not taken this quiz